[Event "Bad Woerishofen 2017 - Senioren"]
[Site "Bad Woerishofen"]
[Date "2017.03.17"]
[Round "9.52"]
[White "Mack, Friedemann"]
[Black "Rueggeberg, Wilhelm"]
[Result "0-1"]
[WhiteElo "1517"]
[BlackElo "1845"]
[Annotator "chessorg"]
[PlyCount "80"]
[EventDate "2017.??.??"]
[WhiteTeam "TSG Steinheim"]
[BlackTeam "Sfr.Saarburg-Trier"]

1. d4 Nf6 2. c4 e6 3. Nc3 d5 4. cxd5 exd5 5. Nf3 Nbd7 6. e3 c6 7. Bd3 Bd6 8.
Bd2 Qe7 9. O-O O-O 10. h3 Ne4 11. Be1 f5 12. Nd2 Ndf6 13. a3 Nxc3 14. bxc3 Ne4
15. Nf3 Be6 16. Qb3 b5 17. a4 a6 18. Bd2 c5 19. Qc2 Nxd2 20. Qxd2 c4 21. Be2 b4
22. cxb4 Bxb4 23. Qc2 a5 24. Ne5 Rac8 25. f4 Qh4 26. Bf3 g5 27. fxg5 Qxg5 28.
Qf2 Rf6 29. h4 Qg7 30. g3 f4 31. exf4 Rxf4 32. Qg2 Rxd4 33. Rae1 Bxe1 34. Rxe1
c3 35. Kh2 Rd2 36. Re2 Qxe5 37. Rxd2 cxd2 38. Qxd2 Qf5 39. Bg2 Rc2 40. Qxa5
Qh3+ 0-1

[Event "Bad Woerishofen 2017 - Senioren"]
[Site "Bad Woerishofen"]
[Date "2017.03.17"]
[Round "9.53"]
[White "Wraga, Hermann"]
[Black "Koch, Dieter"]
[Result "0-1"]
[WhiteElo "1683"]
[BlackElo "1725"]
[Annotator "chessorg"]
[PlyCount "78"]
[EventDate "2017.??.??"]
[WhiteTeam "SG Osnabrueck"]
[BlackTeam "SC Ammersee"]

1. e4 e5 2. Bc4 c6 3. d3 d6 4. Nd2 Qf6 5. h3 h6 6. Ngf3 Nd7 7. a3 Be7 8. b4 Qg6
9. O-O Qh7 10. Nh2 g5 11. f3 Ngf6 12. Re1 Nh5 13. Ndf1 Nf4 14. Bxf4 gxf4 15.
Re2 h5 16. Qe1 Qg7 17. Kh1 Nf8 18. Ra2 Rg8 19. Nd2 Ng6 20. Qf1 Nh4 21. Ra1 Qf6
22. c3 Rg3 23. Ra2 Qg7 24. Nb1 Bd7 25. a4 O-O-O 26. b5 c5 27. a5 Rg8 28. d4
Bxh3 29. Ng4 hxg4 30. gxh3 Rxf3 31. Rf2 Rxh3+ 32. Rh2 Rf3 33. Rhf2 Rh8 34. Qe2
Re3 35. Qxe3 fxe3 36. Rxf7 Nf3+ 37. Kg2 Qh6 38. Kf1 Qh1+ 39. Ke2 Qxb1 0-1

[Event "Bad Woerishofen 2017 - Senioren"]
[Site "Bad Woerishofen"]
[Date "2017.03.17"]
[Round "9.54"]
[White "Braeu, Emmi"]
[Black "Oser, Thor"]
[Result "1/2-1/2"]
[WhiteElo "1558"]
[BlackElo "1708"]
[Annotator "chessorg"]
[PlyCount "40"]
[EventDate "2017.??.??"]
[WhiteTeam "SK Marktoberdorf"]
[BlackTeam "SK 1929 Joehlingen"]

1. Nf3 d5 2. c4 e6 3. g3 g6 4. Bg2 Bg7 5. O-O c6 6. d3 Ne7 7. Nbd2 O-O 8. Rb1
Nd7 9. b3 Nf5 10. Bb2 Bxb2 11. Rxb2 Qf6 12. Qc1 b6 13. b4 Rb8 14. e4 dxe4 15.
Nxe4 Qg7 16. Rd2 c5 17. b5 Bb7 18. Qb2 Qxb2 19. Rxb2 Kg7 20. Rd2 e5 1/2-1/2

[Event "Bad Woerishofen 2017 - Senioren"]
[Site "Bad Woerishofen"]
[Date "2017.03.17"]
[Round "9.55"]
[White "Hardt, Dieter"]
[Black "Schulz, Franz"]
[Result "1/2-1/2"]
[WhiteElo "1733"]
[BlackElo "1629"]
[Annotator "chessorg"]
[PlyCount "89"]
[EventDate "2017.??.??"]
[WhiteTeam "SG Konstanz"]
[BlackTeam "SV Ebersbach"]

1. d4 Nf6 2. Nf3 d5 3. e3 e6 4. Bd3 c5 5. b3 b6 6. Bb2 Ba6 7. O-O Bxd3 8. Qxd3
h6 9. Nbd2 Nbd7 10. Ne5 Nxe5 11. dxe5 Nd7 12. f4 Be7 13. f5 Nf8 14. f6 gxf6 15.
exf6 Bd6 16. Qb5+ Qd7 17. Qxd7+ Kxd7 18. Rad1 Rg8 19. c4 Kc6 20. cxd5+ exd5 21.
Rf3 Re8 22. Rh3 Rg6 23. Rc1 Nd7 24. Nf3 Be5 25. Bxe5 Nxe5 26. Nd4+ Kd7 27. Nc2
Rxf6 28. Rd1 Kc6 29. Rg3 a5 30. Rf1 Rxf1+ 31. Kxf1 Re6 32. h3 b5 33. Rg8 Kc7
34. Ra8 Nc6 35. Rf8 Rf6+ 36. Ke2 Nb4 37. Nxb4 axb4 38. Ra8 Kb7 39. Rd8 Kc6 40.
Ra8 Kc7 41. Ra7+ Kc8 42. Ra8+ Kc7 43. Ra7+ Kb6 44. Rd7 Kc6 45. Ra7 1/2-1/2

[Event "Bad Woerishofen 2017 - Senioren"]
[Site "Bad Woerishofen"]
[Date "2017.03.17"]
[Round "9.56"]
[White "Narr, Irmgard"]
[Black "Kirchhof, Manfred"]
[Result "1-0"]
[WhiteElo "1694"]
[BlackElo "1530"]
[Annotator "chessorg"]
[PlyCount "173"]
[EventDate "2017.??.??"]
[WhiteTeam "SC Muehlh.-R.Nuernberg"]
[BlackTeam "SC Unterhaching e.V."]

1. e4 c5 2. Nf3 d6 3. Bc4 e6 4. d3 Nc6 5. a3 a6 6. Bf4 Be7 7. Nc3 Nf6 8. O-O
Nh5 9. Be3 Nf6 10. Ne2 h6 11. Nf4 Ng4 12. Bd2 Nf6 13. Bc3 O-O 14. h3 b6 15. Re1
Qc7 16. Qc1 Re8 17. Bb3 b5 18. Qe3 Bb7 19. e5 Nd7 20. exd6 Bxd6 21. Nh5 e5 22.
Ng3 Nd4 23. Nd2 Nxb3 24. Nxb3 Qc6 25. f3 Bc7 26. Ba5 Bxa5 27. Nxa5 Qc7 28. Nxb7
Qxb7 29. Ne4 Qc6 30. Kh2 Rac8 31. Rad1 Red8 32. Ng3 Nf6 33. Nf5 Re8 34. Qf2 Nd5
35. Qg3 Qg6 36. Qxg6 fxg6 37. Nd6 Rb8 38. Nxe8 Rxe8 39. c4 Nb6 40. cxb5 axb5
41. b3 g5 42. Rc1 Nd7 43. b4 cxb4 44. axb4 Kf8 45. Rc7 Nb8 46. Rb7 Nc6 47. Rxb5
Rd8 48. Rd1 Rd4 49. Rc1 Rxb4 50. Rbc5 Ne7 51. Rxe5 Ng6 52. Rc8+ Kf7 53. Rd5 Ne7
54. Rd7 Ke6 55. Rcc7 Nd5 56. Ra7 Ra4 57. Rxg7 Rxa7 58. Rxa7 Nf4 59. Ra6+ Kf5
60. g4+ Ke5 61. Rxh6 Nxd3 62. Kg3 Nf4 63. Ra6 Ne2+ 64. Kf2 Nf4 65. Ra5+ Kf6 66.
Rf5+ Kg6 67. Kg3 Ne2+ 68. Kh2 Nd4 69. Rf8 Kg7 70. Ra8 Nxf3+ 71. Kg3 Nd2 72. Ra6
Ne4+ 73. Kf3 Nd2+ 74. Kg2 Nc4 75. Re6 Nd2 76. Re1 Nc4 77. Kf3 Kf6 78. Kg3 Nd6
79. Kf3 Nc4 80. Ke4 Nd6+ 81. Kd5 Nb5 82. Re6+ Kg7 83. Rc6 Na3 84. Ke5 Nb5 85.
Ke4 Na3 86. Kf5 Nb5 87. Kxg5 1-0

[Event "Bad Woerishofen 2017 - Senioren"]
[Site "Bad Woerishofen"]
[Date "2017.03.17"]
[Round "9.57"]
[White "Schwenke, Norbert"]
[Black "Huba, Mark"]
[Result "0-1"]
[WhiteElo "1627"]
[BlackElo "1590"]
[PlyCount "94"]
[EventDate "2017.??.??"]
[BlackTeam "Kings Head"]

1. Nc3 e6 2. e4 d5 3. Nf3 dxe4 4. Nxe4 Nf6 5. Ng3 Be7 6. Bb5+ Bd7 7. Qe2 a6 8.
Bd3 Nc6 9. a3 O-O 10. O-O Nd5 11. b4 Nf4 12. Qe3 Nxd3 13. Qxd3 Na7 14. c4 Bc6
15. Qe3 Qe8 16. Bb2 h6 17. Bxg7 Kxg7 18. Nh5+ Kh7 19. Qc3 f6 20. Nf4 Bd6 21.
Qd3+ f5 22. Ne2 Qh5 23. Ng3 Qf7 24. Rae1 Bxf3 25. Qxf3 Nc6 26. c5 Bxg3 27. fxg3
Rad8 28. Qe3 Nd4 29. Qf4 Rg8 30. Re5 Qh5 31. Rfe1 Qg5 32. R1e3 Qxf4 33. gxf4
Kg6 34. h3 Kf6 35. Kf2 Rg7 36. Rg3 h5 37. h4 Re7 38. Rd3 Red7 39. Rde3 Rd5 40.
d3 Rxe5 41. Rxe5 Nc2 42. Ke2 Nxa3 43. Kd2 Nb5 44. Re1 Rd4 45. Re5 Rxb4 46. Ke3
Nd4 47. Kf2 Rb5 0-1

[Event "Bad Woerishofen 2017 - Senioren"]
[Site "Bad Woerishofen"]
[Date "2017.03.17"]
[Round "9.58"]
[White "Walther, Renate"]
[Black "Gepting, Konrad"]
[Result "0-1"]
[WhiteElo "1196"]
[BlackElo "1606"]
[Annotator "chessorg"]
[PlyCount "62"]
[EventDate "2017.??.??"]
[WhiteTeam "SK 1911 Herzogenaurach"]
[BlackTeam "SK Marktoberdorf"]

1. e4 e6 2. d4 d5 3. exd5 exd5 4. Nf3 h6 5. Bd3 a6 6. O-O Nc6 7. Re1+ Be7 8.
Bd2 Qd6 9. c3 Nf6 10. Qc1 g5 11. b3 Be6 12. Be3 Nh5 13. Ne5 O-O-O 14. Be2 Nf4
15. Bxf4 gxf4 16. Qxf4 Bg5 17. Qg3 Rhg8 18. Bg4 f5 19. Nf7 Bxf7 20. Qxd6 Rxd6
21. Bxf5+ Kb8 22. Na3 Bd2 23. Red1 Bxc3 24. Rab1 Bxd4 25. Rd2 Bb6 26. Bd3 Ne5
27. Kf1 Nxd3 28. Nc2 Nf4 29. f3 Bg6 30. Re1 Bd3+ 31. Rxd3 Nxd3 0-1